[Event "OLNO 1718 SV Empor Berlin - SC Weisse D"]
[Site "?"]
[Date "2017.10.08"]
[Round "1.1"]
[White "Waldmann, Hans-Joachim"]
[Black "Foerster, Jonas"]
[Result "1-0"]
[WhiteElo "2288"]
[BlackElo "2268"]
[PlyCount "223"]
[EventDate "2017.??.??"]

1. c4 e5 2. a3 Nf6 3. Qc2 c6 4. g3 d5 5. Bg2 Be7 6. d3 O-O 7. Nd2 Be6 8. Ngf3
Nfd7 9. O-O f5 10. b4 Bf6 11. Bb2 g5 12. Rfc1 g4 13. Ne1 d4 14. e3 dxe3 15.
fxe3 Bg5 16. Nf1 Na6 17. Rd1 Rc8 18. Qe2 Nc7 19. Nc2 Qe8 20. a4 Qf7 21. b5 e4
22. dxe4 Bxc4 23. Qd2 Rcd8 24. bxc6 bxc6 25. Qa5 Ne6 26. exf5 Qxf5 27. Qxf5
Rxf5 28. Bxc6 Ne5 29. Rxd8+ Bxd8 30. Be4 Nf3+ 31. Kg2 Rc5 32. Nd4 Neg5 33. Bb7
Rc7 34. Ba8 Bf6 35. Rc1 Bxf1+ 36. Kxf1 Rxc1+ 37. Bxc1 Nxh2+ 38. Ke2 Be5 39. Nf5
Kf7 40. Kf2 Kf6 41. e4 Nhf3 42. Be3 Bb8 43. Ke2 h5 44. Kd3 Ne6 45. Bf2 Ne5+ 46.
Kc3 a5 47. Bb7 Bc7 48. Ne3 Kg6 49. Nd5 Bd8 50. Bc8 Kf7 51. Bxe6+ Kxe6 52. Nf4+
Kd6 53. Nxh5 Nc6 54. Kc4 Ke5 55. Kc5 Nb4 56. Kb5 Na2 57. Be1 Kxe4 58. Bxa5 Bg5
59. Be1 Be3 60. a5 Nc1 61. a6 Nb3 62. Bc3 Ba7 63. Bg7 Nc5 64. Bf8 Ne6 65. Bh6
Nd4+ 66. Kc4 Nf5 67. Bf4 Bf2 68. Kb5 Kf3 69. Kc6 Ne7+ 70. Kb7 Nd5 71. Bb8 Nb4
72. a7 Bxa7 73. Kxa7 Nd5 74. Kb7 Ne3 75. Kc6 Nf5 76. Kd5 Ne3+ 77. Kd4 Nf5+ 78.
Kd3 Ne3 79. Bd6 Nd5 80. Nf4 Ne3 81. Ne2 Nf1 82. Be5 Kf2 83. Bf4 Kf3 84. Nd4+
Kf2 85. Nf5 Kf3 86. Bc7 Nh2 87. Nh4+ Kf2 88. Ke4 Nf1 89. Nf5 Nxg3+ 90. Bxg3+
Kg2 91. Kf4 Kg1 92. Nd4 Kg2 93. Kxg4 Kh1 94. Kf3 Kg1 95. Nf5 Kf1 96. Ne3+ Kg1
97. Ng4 Kh1 98. Nf2+ Kg1 99. Bf4 Kf1 100. Bh2 Ke1 101. Ne4 Kd1 102. Ke3 Kc2
103. Nd2 Kc3 104. Bd6 Kc2 105. Be5 Kd1 106. Kd3 Ke1 107. Bg3+ Kd1 108. Bf2 Kc1
109. Nc4 Kd1 110. Nb2+ Kc1 111. Kc3 Kb1 112. Kb3 1-0

[Event "OLNO 1718 SV Empor Berlin - SC Weisse D"]
[Site "?"]
[Date "2017.10.08"]
[Round "1.2"]
[White "Szajbely, Zsigmond"]
[Black "Moeller, Hendrik"]
[Result "0-1"]
[WhiteElo "2272"]
[BlackElo "2279"]
[PlyCount "94"]
[EventDate "2017.??.??"]

1. e4 c6 2. d4 d5 3. Nd2 dxe4 4. Nxe4 Bf5 5. Ng3 Bg6 6. Nh3 e6 7. Nf4 Bd6 8.
Nfh5 Bxg3 9. Nxg3 Qh4 10. c3 Nd7 11. Qb3 b6 12. Be2 Ne7 13. O-O O-O 14. a4 Rfd8
15. Bf3 Rac8 16. a5 b5 17. Re1 Nf6 18. h3 a6 19. Qa3 Ned5 20. b4 h6 21. Nf1 Bh5
22. Nd2 Nf4 23. c4 Rxd4 24. g3 Qxh3 25. gxf4 Rxd2 26. Bxh5 Rd3 27. Be2 Ng4 28.
Bxg4 Qxg4+ 29. Kf1 Qh3+ 30. Kg1 Qg4+ 31. Kf1 Rxa3 32. Rxa3 bxc4 33. Rc3 Rd8 34.
Be3 Qh3+ 35. Ke2 Qg4+ 36. Kf1 Qh3+ 37. Ke2 Qh5+ 38. Kf1 Qb5 39. Bc5 Rd3 40.
Rec1 Rxc3 41. Rxc3 Qa4 42. Ke1 Qa2 43. Kd1 Qb1+ 44. Kd2 Qe4 45. Re3 Qxf4 46.
Kc3 e5 47. Rg3 Qc1# 0-1

[Event "OLNO 1718 SV Empor Berlin - SC Weisse D"]
[Site "?"]
[Date "2017.10.08"]
[Round "1.3"]
[White "Uhl, Heinz"]
[Black "Urban, Julian"]
[Result "1/2-1/2"]
[WhiteElo "2152"]
[BlackElo "2234"]
[PlyCount "134"]
[EventDate "2017.??.??"]

1. c4 b6 2. Nc3 Bb7 3. e4 e6 4. Be2 Bb4 5. Bf3 Ne7 6. Qb3 Nbc6 7. Nce2 a5 8. a3
a4 9. Qe3 Ba5 10. Nc3 Ne5 11. Be2 O-O 12. f4 Bxc3 13. bxc3 N5g6 14. Nf3 f5 15.
e5 Ra5 16. O-O Qa8 17. Ne1 Nh8 18. Rb1 Nf7 19. Bf3 Bc6 20. Nd3 g5 21. fxg5 Ng6
22. Rb5 Rxb5 23. cxb5 Bxf3 24. Rxf3 Qd5 25. Nf4 Qxb5 26. d4 Nxf4 27. Qxf4 Nh8
28. h4 Ng6 29. Qg3 Qb1 30. Rf1 Qe4 31. h5 f4 32. Qf3 Qxf3 33. Rxf3 Ne7 34. Bxf4
Nd5 35. g3 b5 36. Kg2 c6 37. Kh3 Rf5 38. Kg4 Kg7 39. Rd3 Rf7 40. Rf3 Rf5 41.
Bd2 Rxf3 42. Kxf3 Kf7 43. Kg4 Ne7 44. Kh4 Nf5+ 45. Kh3 Ne7 46. g4 Nd5 47. Kh4
Nb6 48. g6+ hxg6 49. h6 Nc4 50. Bc1 d6 51. exd6 Nxd6 52. Bf4 Ne4 53. Bc7 Nxc3
54. Kg5 Ne4+ 55. Kf4 Nf6 56. Be5 b4 57. axb4 a3 58. d5 exd5 59. Ba1 Nh7 60. Ke5
Ke7 61. Bd4 a2 62. Ba1 Nf8 63. Kf4 Ne6+ 64. Kg3 Ng5 65. Kf4 Nh7 66. Ke5 Ng5 67.
Kf4 Nh7 {(=)} 1/2-1/2

[Event "OLNO 1718 SV Empor Berlin - SC Weisse D"]
[Site "?"]
[Date "2017.10.08"]
[Round "1.4"]
[White "Meissner, Hans-Juergen"]
[Black "Abraham, Ingo"]
[Result "1/2-1/2"]
[WhiteElo "2286"]
[BlackElo "2197"]
[PlyCount "59"]
[EventDate "2017.??.??"]

1. d4 d5 2. c4 e6 3. Nc3 Nf6 4. Bg5 Be7 5. e3 h6 6. Bh4 O-O 7. Rc1 b6 8. Nf3
Bb7 9. Bxf6 Bxf6 10. cxd5 exd5 11. b4 c6 12. Be2 Re8 13. O-O Nd7 14. Qb3 Rc8
15. b5 c5 16. Rfd1 cxd4 17. Nxd4 Nc5 18. Qb1 Bxd4 19. exd4 Ne4 20. Nxe4 Rxc1
21. Qxc1 dxe4 22. Qe3 Re7 23. Bc4 Bd5 24. Qb3 Rd7 25. h3 g6 26. Bxd5 Rxd5 27.
Qc4 h5 28. a4 Kg7 29. Rd2 Kg8 30. Rd1 1/2-1/2

[Event "OLNO 1718 SV Empor Berlin - SC Weisse D"]
[Site "?"]
[Date "2017.10.08"]
[Round "1.5"]
[White "Venske, Kai-Gerrit"]
[Black "Nitsche-Hahn, Raphael"]
[Result "1-0"]
[WhiteElo "2167"]
[BlackElo "2022"]
[PlyCount "59"]
[EventDate "2017.??.??"]

1. d4 e6 2. e4 d5 3. Nc3 Nf6 4. Bg5 Be7 5. e5 Nfd7 6. h4 h6 7. Bf4 a6 8. Qg4
Bf8 9. O-O-O c5 10. dxc5 Nxc5 11. Nf3 Nc6 12. Be2 Bd7 13. Nd4 Nxd4 14. Rxd4 Rc8
15. Kb1 b5 16. Be3 Qc7 17. Rhd1 Na4 18. Nxa4 Qxc2+ 19. Ka1 bxa4 20. Bd3 Qc7 21.
Bxa6 Ra8 22. Rc1 Qxe5 23. Rxa4 d4 24. Bxd4 Qd6 25. Bc5 Qd2 26. Be3 h5 27. Qg5
Qd5 28. Bb5 Qxg5 29. Rxa8+ Qd8 30. Rxd8+ 1-0

[Event "OLNO 1718 SV Empor Berlin - SC Weisse D"]
[Site "?"]
[Date "2017.10.08"]
[Round "1.6"]
[White "Sulayev, Daniel"]
[Black "Kaiser, Martin"]
[Result "1/2-1/2"]
[WhiteElo "2051"]
[BlackElo "2142"]
[PlyCount "80"]
[EventDate "2017.??.??"]

1. e4 e5 2. Nf3 Nc6 3. Bc4 Bc5 4. O-O Nf6 5. d4 Bxd4 6. Nxd4 Nxd4 7. Bg5 d6 8.
f4 Ne6 9. fxe5 dxe5 10. Qxd8+ Nxd8 11. Bxf6 gxf6 12. Nc3 c6 13. Rxf6 Be6 14.
Bxe6 Nxe6 15. Raf1 O-O-O 16. Rxf7 Rhg8 17. Rxh7 Ng5 18. Rh5 Rd4 19. Rf5 Ne6 20.
Rf2 Nf4 21. Rh6 b5 22. a3 a5 23. b4 axb4 24. axb4 Rxb4 25. Rxc6+ Kb7 26. Rh6
Rd4 27. Rh7+ Ka6 28. h3 b4 29. Nd5 Rxe4 30. Nxf4 Rxf4 31. Rxf4 exf4 32. Rf7 Kb5
33. Rxf4 Rc8 34. Rf2 Kc4 35. Kf1 Kc3 36. Ke1 Ra8 37. Rf4 Ra2 38. Kd1 Ra1+ 39.
Ke2 Ra2 40. Kd1 Ra1+ {(=)} 1/2-1/2

[Event "OLNO 1718 SV Empor Berlin - SC Weisse D"]
[Site "?"]
[Date "2017.10.08"]
[Round "1.7"]
[White "Mohrmann, Ralf"]
[Black "Welz, Peter"]
[Result "1/2-1/2"]
[WhiteElo "2022"]
[BlackElo "2060"]
[PlyCount "87"]
[EventDate "2017.??.??"]

1. d4 f5 2. g3 Nf6 3. Bg2 g6 4. Nh3 d6 5. Nc3 c6 6. Nf4 e5 7. dxe5 dxe5 8.
Qxd8+ Kxd8 9. Nd3 Bd6 10. e4 Na6 11. Bd2 Kc7 12. O-O Nc5 13. Nxc5 Bxc5 14. Rad1
Re8 15. Bg5 Nxe4 16. Bxe4 fxe4 17. Nxe4 Be7 18. Nf6 Bxf6 19. Bxf6 Bf5 20. Rd2
Re6 21. Bg5 Rd6 22. Rfd1 Rxd2 23. Rxd2 Re8 24. Kf1 Bd7 25. c4 b6 26. b4 a5 27.
bxa5 bxa5 28. c5 a4 29. Re2 Be6 30. Ke1 Bd5 31. Bf4 Kd7 32. Bc1 Rb8 33. a3 e4
34. Rb2 Rb5 35. Rxb5 cxb5 36. Bd2 Ke6 37. Bb4 Kf5 38. h3 h5 39. h4 g5 40. hxg5
Kxg5 41. Ke2 Kg4 42. Ke3 Bc6 43. Bc3 Kf5 44. Kd4 1/2-1/2

[Event "OLNO 1718 SV Empor Berlin - SC Weisse D"]
[Site "?"]
[Date "2017.10.08"]
[Round "1.8"]
[White "Silz, Elisa"]
[Black "Lenhardt, Manfred"]
[Result "1-0"]
[WhiteElo "1970"]
[BlackElo "2086"]
[PlyCount "113"]
[EventDate "2017.??.??"]

1. d4 Nf6 2. Nf3 e6 3. c4 Bb4+ 4. Bd2 Qe7 5. Nc3 O-O 6. g3 d5 7. Bg2 Nc6 8. O-O
Rb8 9. Rc1 Rd8 10. cxd5 exd5 11. Bf4 Be6 12. Nb5 Ba5 13. Ne5 Nxe5 14. Bxe5 Rd7
15. a3 Bb6 16. Bxf6 Qxf6 17. e3 g6 18. Nc3 c6 19. Na4 Bc7 20. Nc5 Re7 21. b4
Bd6 22. Qf3 Qxf3 23. Bxf3 Ra8 24. Nb3 Kg7 25. Rc3 h5 26. h4 Kh6 27. Be2 g5 28.
hxg5+ Kxg5 29. Kg2 Rh8 30. Rh1 Rh6 31. Rcc1 f6 32. Rh4 Bf5 33. Nd2 Reh7 34.
Rch1 Kg6 35. f3 a5 36. e4 Be6 37. Bd3 f5 38. e5 Be7 39. R4h2 axb4 40. axb4 Bxb4
41. Nb3 h4 42. gxh4 Be7 43. Kg3 Bc8 44. Nc1 Rh8 45. Ne2 Bd7 46. h5+ Kf7 47. Rb1
Rg8+ 48. Kf2 Bc8 49. Ng3 Rg5 50. f4 Rg4 51. Kf3 Rxg3+ 52. Kxg3 c5 53. dxc5 Bxc5
54. Rc1 b6 55. Ra1 Rh8 56. Ra7+ Ke6 57. h6 1-0

[Event "OLNO 1718 SK König Tegel - Oberschöne"]
[Site "?"]
[Date "2017.10.08"]
[Round "1.1"]
[White "Rosenthal, Dirk"]
[Black "Lorenz, Sascha"]
[Result "1-0"]
[WhiteElo "2395"]
[BlackElo "2219"]
[PlyCount "53"]
[EventDate "2017.??.??"]

1. e4 c5 2. c3 b6 3. d4 Bb7 4. d5 Nf6 5. Bd3 c4 6. Bxc4 Nxe4 7. Nf3 Qc7 8. Bb3
e6 9. O-O Be7 10. c4 Na6 11. Qd4 Nac5 12. Qxg7 O-O-O 13. Qh6 Rdg8 14. Bf4 d6
15. Nc3 Nxc3 16. bxc3 e5 17. Be3 Nd7 18. Nh4 Kb8 19. Nf5 Bf8 20. Qh4 h5 21. f3
Nc5 22. Bc2 Ba6 23. Rab1 Ka8 24. Kh1 Nb7 25. Rb4 Na5 26. Bd3 b5 27. cxb5 1-0

[Event "OLNO 1718 SK König Tegel - Oberschöne"]
[Site "?"]
[Date "2017.10.08"]
[Round "1.2"]
[White "Dimitrijeski, Kristian"]
[Black "Schoewel, Matthias"]
[Result "1/2-1/2"]
[WhiteElo "2155"]
[BlackElo "2224"]
[PlyCount "141"]
[EventDate "2017.??.??"]

1. d4 d5 2. c4 e6 3. Nc3 Nf6 4. cxd5 exd5 5. Bg5 Be7 6. e3 c6 7. Bd3 Ne4 8.
Bxe7 Qxe7 9. Qc2 Bf5 10. Nge2 g6 11. O-O Nd7 12. b4 O-O 13. Bxe4 Bxe4 14. Nxe4
dxe4 15. Nc3 Nf6 16. Qb3 Rfd8 17. Rac1 Rac8 18. Rfd1 Kg7 19. Qc4 Qd7 20. Qb3
Qf5 21. Qc4 h5 22. Qc5 Qg4 23. Qxa7 Qh4 24. Rf1 Rd7 25. Qc5 Nd5 26. Nxd5 Rxd5
27. Qxd5 cxd5 28. Rxc8 Qg4 29. Rc7 h4 30. h3 Qe2 31. Rxb7 Qxa2 32. b5 Qb2 33.
b6 g5 34. f3 Qe2 35. fxe4 Qxe3+ 36. Kh1 g4 37. Rbxf7+ Kg6 38. R7f6+ Kg7 39. b7
Qb3 40. exd5 gxh3 41. R6f3 hxg2+ 42. Kxg2 Qxb7 43. Kh3 Qxd5 44. Rf4 Qe6+ 45.
Kxh4 Qe7+ 46. Kh3 Qe6+ 47. Rg4+ Kh6 48. Rh1 Qd5 49. Rh2 Qf3+ 50. Kh4 Qe3 51.
Rhg2 Qe1+ 52. Kh3 Qh1+ 53. Kg3 Kh5 54. Kf2 Qd1 55. Rg5+ Kh4 56. Ke3 Qe1+ 57.
Kf4 Qc1+ 58. Kf5 Qc8+ 59. Kf4 Qf8+ 60. Ke4 Qe7+ 61. Kf3 Qf6+ 62. Ke3 Qe6+ 63.
Re5 Qb3+ 64. Ke2 Qc4+ 65. Kf3 Qf1+ 66. Rf2 Qd3+ 67. Re3 Qf5+ 68. Ke2 Qc2+ 69.
Kf3 Qf5+ 70. Ke2 Qc2+ 71. Kf3 1/2-1/2

[Event "OLNO 1718 SK König Tegel - Oberschöne"]
[Site "?"]
[Date "2017.10.08"]
[Round "1.4"]
[White "Niehaus, Frank"]
[Black "Postler, Reinhard"]
[Result "1/2-1/2"]
[WhiteElo "2183"]
[BlackElo "2206"]
[PlyCount "102"]
[EventDate "2017.??.??"]

1. e4 c5 2. Nf3 e6 3. d4 cxd4 4. Nxd4 Nc6 5. Nc3 d6 6. g4 Nxd4 7. Qxd4 Ne7 8.
Be3 Nc6 9. Qd2 a6 10. O-O-O b5 11. f4 Be7 12. h4 Bb7 13. Qf2 Qb8 14. g5 Na5 15.
Bd3 Nc4 16. Bxc4 bxc4 17. h5 Qc7 18. g6 fxg6 19. hxg6 h6 20. Bd4 O-O 21. Rh5
Bf6 22. f5 exf5 23. Rxf5 Bg5+ 24. Kb1 Qe7 25. Rf1 Rxf5 26. exf5 Rf8 27. Re1 Qd7
28. Qe2 Rxf5 29. Qxc4+ Kf8 30. a3 Bf6 31. Bxf6 Rxf6 32. Nd5 Bxd5 33. Qxd5 Rxg6
34. Qa8+ Kf7 35. Qxa6 Qc7 36. Qa4 Re6 37. Qf4+ Rf6 38. Qe4 Kg8 39. a4 Qc5 40.
Rd1 h5 41. Rh1 g6 42. Re1 Kg7 43. b4 Qc3 44. Rd1 g5 45. a5 g4 46. a6 d5 47.
Qe7+ Kh6 48. a7 Ra6 49. Qf8+ Kh7 50. Qf7+ Kh6 51. Qf8+ Kh7 1/2-1/2

[Event "OLNO 1718 SK König Tegel - Oberschöne"]
[Site "?"]
[Date "2017.10.08"]
[Round "1.5"]
[White "Syre, Christian"]
[Black "Kachibadze, Georg"]
[Result "1/2-1/2"]
[WhiteElo "2193"]
[BlackElo "2263"]
[PlyCount "29"]
[EventDate "2017.??.??"]

1. Nf3 d5 2. c4 e6 3. d4 Nf6 4. Nc3 dxc4 5. Qa4+ c6 6. Qxc4 b5 7. Qd3 Bb7 8. g3
a6 9. Bg2 c5 10. O-O Nbd7 11. Bg5 Be7 12. dxc5 Nxc5 13. Qxd8+ Rxd8 14. Rad1 O-O
15. Ne5 1/2-1/2

[Event "OLNO 1718 SK König Tegel - Oberschöne"]
[Site "?"]
[Date "2017.10.08"]
[Round "1.6"]
[White "Jahnz, Fabian"]
[Black "Jauk, Wilhelm"]
[Result "1-0"]
[WhiteElo "2234"]
[BlackElo "2132"]
[PlyCount "79"]
[EventDate "2017.??.??"]

1. e4 e5 2. Nf3 Nf6 3. Nxe5 d6 4. Nf3 Nxe4 5. Nc3 Nxc3 6. dxc3 Be7 7. Be3 Nc6
8. Qd2 O-O 9. O-O-O Bf5 10. Rg1 Qc8 11. h3 a6 12. g4 Be4 13. Be2 b5 14. b3 Qb7
15. Ng5 Bxg5 16. Bxg5 Rfe8 17. f3 Bg6 18. Rge1 Qb6 19. h4 h6 20. h5 Bh7 21. Bh4
Qc5 22. Bf1 Ne5 23. Be2 Nd7 24. Kb2 a5 25. Qd4 Qxd4 26. cxd4 Rab8 27. Bxb5 Rxe1
28. Rxe1 Nf8 29. Bc4 c6 30. Bg3 Rd8 31. d5 cxd5 32. Bxd5 Rd7 33. Re8 g6 34. Bc6
Rc7 35. Rxf8+ Kxf8 36. Bxd6+ Re7 37. Be4 Ke8 38. Bxe7 Kxe7 39. Kc3 Kf6 40. f4
1-0

[Event "OLNO 1718 SK König Tegel - Oberschöne"]
[Site "?"]
[Date "2017.10.08"]
[Round "1.7"]
[White "Stark, Ingo"]
[Black "Jaeger, Tobias"]
[Result "1/2-1/2"]
[WhiteElo "2122"]
[BlackElo "2098"]
[PlyCount "82"]
[EventDate "2017.??.??"]

1. e4 e5 2. Nf3 Nc6 3. Bb5 f5 4. Nc3 fxe4 5. Nxe4 Nf6 6. Qe2 d5 7. Nxf6+ gxf6
8. d4 Bg7 9. dxe5 O-O 10. Be3 Nxe5 11. h3 c6 12. Bd3 Bd7 13. O-O-O Nxd3+ 14.
Qxd3 Be8 15. Nh4 f5 16. Nxf5 Bg6 17. g4 Qf6 18. Bd4 Bxf5 19. gxf5 Qxd4 20. Qxd4
Bxd4 21. Rxd4 Rxf5 22. Rg4+ Kh8 23. Re1 Raf8 24. Re7 R5f7 25. Rxf7 Rxf7 26. f4
h5 27. Rg5 Rxf4 28. Rxh5+ Kg7 29. Re5 Kf6 30. Rh5 Kg6 31. Re5 Rf7 32. b3 Rh7
33. Re3 Kf5 34. Kd2 c5 35. Ke2 b5 36. Rf3+ Ke5 37. Re3+ Kf4 38. Rf3+ Ke4 39.
Re3+ Kf5 40. Rf3+ Ke6 41. Re3+ Kf5 1/2-1/2

[Event "OLNO 1718 FHSH Stralsund - TSG Neuruppi"]
[Site "?"]
[Date "2017.10.08"]
[Round "1.1"]
[White "Berebora, Ferenc"]
[Black "Mehl, Ronald"]
[Result "1-0"]
[WhiteElo "2437"]
[BlackElo "2124"]
[PlyCount "101"]
[EventDate "2017.??.??"]

1. d4 Nf6 2. c4 g6 3. Nc3 Bg7 4. e4 d6 5. Nf3 O-O 6. Be2 e5 7. d5 a5 8. Bg5 h6
9. Be3 Na6 10. Nd2 Bd7 11. g4 Nh7 12. h4 f5 13. gxf5 gxf5 14. exf5 Bxf5 15. Bg4
Qd7 16. Bxf5 Qxf5 17. Qb1 Qh5 18. Nce4 Rf7 19. Ng3 Qg4 20. Qe4 Nf6 21. Qxg4
Nxg4 22. Nde4 Nxe3 23. fxe3 Kh7 24. Ke2 Raf8 25. Rh2 b6 26. Rg1 Rg8 27. Nh5 Bh8
28. Rxg8 Kxg8 29. Rg2+ Kh7 30. b3 Nb8 31. a3 Nd7 32. b4 axb4 33. axb4 Bf6 34.
Nhxf6+ Nxf6 35. Kd3 Nxe4 36. Kxe4 Rf1 37. c5 bxc5 38. bxc5 Rf6 39. h5 Kh8 40.
Ra2 dxc5 41. Kxe5 Rf3 42. e4 Rh3 43. Kf6 Rxh5 44. Kg6 Rg5+ 45. Kxh6 Rg8 46. Ra7
Rc8 47. Ra5 Re8 48. Kg6 c4 49. e5 c3 50. e6 c6 51. Kf7 1-0

[Event "OLNO 1718 FHSH Stralsund - TSG Neuruppi"]
[Site "?"]
[Date "2017.10.08"]
[Round "1.2"]
[White "Hubert, Peter"]
[Black "Gyorkos, Lajos"]
[Result "1/2-1/2"]
[WhiteElo "2074"]
[BlackElo "2328"]
[PlyCount "54"]
[EventDate "2017.??.??"]

1. Nf3 c5 2. c4 g6 3. Nc3 Bg7 4. g3 Nc6 5. Bg2 e6 6. O-O Nge7 7. e3 O-O 8. d4
cxd4 9. exd4 d5 10. cxd5 Nxd5 11. Re1 Nde7 12. Be3 Nf5 13. d5 Bxc3 14. bxc3
Nxe3 15. Rxe3 exd5 16. Nd4 Nxd4 17. Qxd4 Be6 18. Re5 Qf6 19. Rxd5 Qxd4 20. Rxd4
Rab8 21. a4 Rfc8 22. Ra3 b6 23. Bd5 Bxd5 24. Rxd5 Rc7 25. a5 Kg7 26. Rb3 Rbc8
27. axb6 axb6 1/2-1/2

[Event "OLNO 1718 FHSH Stralsund - TSG Neuruppi"]
[Site "?"]
[Date "2017.10.08"]
[Round "1.3"]
[White "Schoene, Ralf"]
[Black "Glawe, Hartmut"]
[Result "1-0"]
[WhiteElo "2279"]
[BlackElo "2008"]
[PlyCount "53"]
[EventDate "2017.??.??"]

1. d4 Nf6 2. c4 e6 3. Nc3 d5 4. Bg5 Be7 5. e3 a6 6. Nf3 dxc4 7. Bxc4 b5 8. Bb3
Bb7 9. O-O Nbd7 10. Qe2 c5 11. Rfd1 cxd4 12. Rxd4 Qb8 13. Rad1 Ra7 14. Bc2 e5
15. R4d2 Nb6 16. Bxf6 gxf6 17. Be4 Bxe4 18. Nxe4 Rd7 19. Rxd7 Nxd7 20. Nh4 Nc5
21. Nxc5 Bxc5 22. Qg4 Qc7 23. Qg7 Rf8 24. Qxh7 Qc8 25. Qf5 Ke7 26. Qd3 Rg8 27.
Nf5+ 1-0

[Event "OLNO 1718 FHSH Stralsund - TSG Neuruppi"]
[Site "?"]
[Date "2017.10.08"]
[Round "1.4"]
[White "Kohn, Andreas"]
[Black "Heuer, Thomas"]
[Result "0-1"]
[WhiteElo "1973"]
[BlackElo "2105"]
[PlyCount "48"]
[EventDate "2017.??.??"]

1. e4 c5 2. Nf3 Nc6 3. d4 cxd4 4. Nxd4 g6 5. Nc3 Bg7 6. Be3 Nf6 7. Qd2 O-O 8.
Bc4 Nxe4 9. Bxf7+ Rxf7 10. Nxe4 d5 11. Ng5 Rf6 12. Ngf3 e5 13. Nb3 Rf8 14.
O-O-O d4 15. Bh6 Bf5 16. Bxg7 Kxg7 17. h4 Rc8 18. h5 Nb4 19. Nbxd4 exd4 20.
Nxd4 Nd3+ 21. Kb1 Qxd4 22. cxd3 Rcd8 23. Qg5 Bxd3+ 24. Ka1 Rxf2 0-1

[Event "OLNO 1718 FHSH Stralsund - TSG Neuruppi"]
[Site "?"]
[Date "2017.10.08"]
[Round "1.5"]
[White "Demjen, Attila"]
[Black "Paulowitz, Bernd-Rainer"]
[Result "1/2-1/2"]
[WhiteElo "1982"]
[BlackElo "1903"]
[PlyCount "33"]
[EventDate "2017.??.??"]

1. e4 c5 2. c3 d5 3. exd5 Qxd5 4. d4 Nf6 5. Nf3 Bg4 6. Be2 cxd4 7. cxd4 e6 8.
O-O Be7 9. h3 Bh5 10. Nc3 Qd8 11. Qb3 Qc7 12. Nb5 Qb6 13. Bf4 Na6 14. g4 Bg6
15. Nd6+ Kf8 16. Qxb6 axb6 17. a3 1/2-1/2

[Event "OLNO 1718 FHSH Stralsund - TSG Neuruppi"]
[Site "?"]
[Date "2017.10.08"]
[Round "1.6"]
[White "Giese, Lothar"]
[Black "Gropp, Andreas"]
[Result "1/2-1/2"]
[WhiteElo "1903"]
[BlackElo "2181"]
[PlyCount "42"]
[EventDate "2017.??.??"]

1. c4 f5 2. Nc3 Nf6 3. d4 e6 4. Nf3 Bb4 5. a3 Bxc3+ 6. bxc3 d6 7. e3 O-O 8. Qc2
b6 9. Be2 Bb7 10. O-O Be4 11. Qb3 Qe8 12. Nd2 Bb7 13. f3 e5 14. a4 exd4 15.
cxd4 Nc6 16. Bb2 Qh5 17. Rae1 Rae8 18. Qc3 Qh4 19. g3 Qg5 20. f4 Qg6 21. d5 Nd8
{(=)} 1/2-1/2

[Event "OLNO 1718 FHSH Stralsund - TSG Neuruppi"]
[Site "?"]
[Date "2017.10.08"]
[Round "1.7"]
[White "Germann, Heike"]
[Black "Manke, Karsten"]
[Result "1-0"]
[WhiteElo "2056"]
[BlackElo "1823"]
[PlyCount "84"]
[EventDate "2017.??.??"]

1. d4 d5 2. c4 e6 3. Nc3 Nf6 4. Bg5 Be7 5. e3 c6 6. Nf3 Nbd7 7. Qc2 dxc4 8.
Bxc4 Nd5 9. Bxe7 Qxe7 10. O-O O-O 11. a3 Nxc3 12. bxc3 e5 13. e4 c5 14. d5 Nb6
15. Be2 Bg4 16. Ne1 Bxe2 17. Qxe2 Qd6 18. c4 f5 19. exf5 Rxf5 20. Nf3 Raf8 21.
Nd2 Nd7 22. Ne4 Qg6 23. f3 b6 24. a4 a5 25. Rab1 h5 26. Rb3 h4 27. Qe1 Rf4 28.
Qb1 Kh8 29. Qd3 R4f7 30. Nxc5 Qxd3 31. Nxd3 e4 32. Nb2 g5 33. Re1 Nc5 34. Rxb6
exf3 35. gxf3 Rxf3 36. Rc6 Nb3 37. Rce6 R8f4 38. R6e3 Nd4 39. Nd3 Rg4+ 40. Kh1
Rf6 41. Re8+ Kg7 42. R1e7+ Kg6 1-0

[Event "OLNO 1718 LOK RAW Cottbus - Greifswalde"]
[Site "?"]
[Date "2017.10.08"]
[Round "1.1"]
[White "Mueller, Nick"]
[Black "Kapp, Martin"]
[Result "1-0"]
[WhiteElo "2268"]
[BlackElo "2280"]
[PlyCount "97"]
[EventDate "2017.??.??"]

1. e4 e6 2. d4 d5 3. Nc3 Bb4 4. e5 c5 5. a3 Bxc3+ 6. bxc3 Ne7 7. Qg4 O-O 8. Bd3
Qa5 9. Bd2 Nbc6 10. Qh5 Ng6 11. Nf3 Nce7 12. dxc5 b6 13. cxb6 axb6 14. O-O Ba6
15. Rfb1 Bxd3 16. cxd3 Qa6 17. d4 f6 18. Qh3 Nf5 19. exf6 Rxf6 20. Re1 Qd3 21.
Bg5 Raf8 22. Bxf6 Rxf6 23. Ng5 Qxh3 24. Nxh3 Nd6 25. Ng5 Nf8 26. Rab1 Nc4 27.
a4 h6 28. Nf3 Nd7 29. Re2 g5 30. Nd2 Nxd2 31. Rxd2 Rf8 32. f3 Rc8 33. Rd3 Rc6
34. Kf2 Nf6 35. Re3 Kf7 36. Rb5 Ne8 37. a5 bxa5 38. Rxa5 Nd6 39. Rc5 Ra6 40. g4
Kf6 41. Re2 Nf7 42. Rc8 Nd6 43. Rc7 Nc4 44. Kg3 e5 45. Rh7 Ra3 46. dxe5+ Nxe5
47. Rc7 d4 48. cxd4 Nxf3 49. Rf2 1-0

[Event "OLNO 1718 LOK RAW Cottbus - Greifswalde"]
[Site "?"]
[Date "2017.10.08"]
[Round "1.2"]
[White "Manigk, Sebastian"]
[Black "Weber, Max"]
[Result "1/2-1/2"]
[WhiteElo "2254"]
[BlackElo "2264"]
[PlyCount "55"]
[EventDate "2017.??.??"]

1. Nf3 Nf6 2. e3 g6 3. d4 Bg7 4. c4 O-O 5. Be2 d5 6. cxd5 Nxd5 7. e4 Nb6 8. O-O
Bg4 9. Nbd2 N8d7 10. h3 Bxf3 11. Nxf3 c5 12. d5 c4 13. Qc2 Rc8 14. Be3 Nc5 15.
Rac1 Qd7 16. Rfd1 Qa4 17. Bxc5 Qxc2 18. Rxc2 Rxc5 19. Nd2 Rfc8 20. Rdc1 Na4 21.
Rxc4 Rxc4 22. Rxc4 Rxc4 23. Nxc4 Nxb2 24. Na5 Na4 25. Nxb7 Nc3 26. Kf1 Nxa2 27.
Na5 Nb4 28. Nc6 {(=)} 1/2-1/2

[Event "OLNO 1718 LOK RAW Cottbus - Greifswalde"]
[Site "?"]
[Date "2017.10.08"]
[Round "1.3"]
[White "Leisner, Hannes"]
[Black "Pfeffer, Ruprecht"]
[Result "1/2-1/2"]
[WhiteElo "2241"]
[BlackElo "2266"]
[PlyCount "65"]
[EventDate "2017.??.??"]

1. e4 c5 2. Nf3 e6 3. d4 cxd4 4. Nxd4 Nc6 5. Nc3 Qc7 6. Be3 a6 7. Be2 Nf6 8.
O-O Bb4 9. Na4 O-O 10. Nxc6 bxc6 11. Nb6 Rb8 12. Nxc8 Rbxc8 13. Bxa6 Rb8 14.
Bd3 Bd6 15. f4 e5 16. f5 Rxb2 17. g4 Qa5 18. g5 Bc5 19. Bxc5 Qxc5+ 20. Kh1 Ne8
21. Qh5 g6 22. Qh6 gxf5 23. Rxf5 Ng7 24. Rf3 Rfb8 25. Raf1 Rb1 26. Rxf7 Rxf1+
27. Rxf1 Rf8 28. Rxf8+ Qxf8 29. Kg2 Qf4 30. Qf6 Qd2+ 31. Kf1 Qd1+ 32. Kf2 Qd2+
33. Kf1 {(=)} 1/2-1/2

[Event "OLNO 1718 LOK RAW Cottbus - Greifswalde"]
[Site "?"]
[Date "2017.10.08"]
[Round "1.4"]
[White "Kunze, Kerstin"]
[Black "Bartolomaeus, Christian"]
[Result "1/2-1/2"]
[WhiteElo "2084"]
[BlackElo "2234"]
[PlyCount "76"]
[EventDate "2017.??.??"]

1. e4 d6 2. d4 Nf6 3. Nc3 g6 4. h3 Bg7 5. Nf3 O-O 6. Be3 c6 7. a4 Qa5 8. Qd2
Nbd7 9. Be2 e5 10. O-O exd4 11. Bxd4 Re8 12. Rfe1 Ne5 13. Be3 Qb4 14. Nxe5 dxe5
15. Bd3 Be6 16. Ne2 Bf8 17. Qxb4 Bxb4 18. Red1 Nd7 19. f3 Kg7 20. Kh2 Bc5 21.
Bd2 Rad8 22. a5 f6 23. Kh1 Nf8 24. b4 Be7 25. b5 c5 26. Nc3 c4 27. Be2 Bc5 28.
Nd5 Bxd5 29. exd5 Rxd5 30. Bxc4 Rd4 31. Bd3 Red8 32. Bc3 R4d5 33. Rab1 Ne6 34.
Re1 Nd4 35. Bxd4 Rxd4 36. a6 bxa6 37. bxa6 Bb6 38. g3 R8d7 {(=)} 1/2-1/2

[Event "OLNO 1718 LOK RAW Cottbus - Greifswalde"]
[Site "?"]
[Date "2017.10.08"]
[Round "1.5"]
[White "Stubbe, Wilko"]
[Black "Franzke, Alexander"]
[Result "1-0"]
[WhiteElo "2173"]
[BlackElo "2009"]
[PlyCount "101"]
[EventDate "2017.??.??"]

1. e4 c5 2. Nf3 g6 3. Bc4 Bg7 4. O-O Nc6 5. c3 Qc7 6. d4 cxd4 7. cxd4 d5 8.
Bxd5 Nf6 9. Bxc6+ Qxc6 10. d5 Qc4 11. Nbd2 Qc7 12. Re1 O-O 13. Nb3 Ng4 14. h3
Ne5 15. Nxe5 Bxe5 16. Bh6 Rd8 17. Rc1 Qd6 18. Qe2 Qf6 19. Rc2 Rd6 20. Qe3 Rd8
21. Bg5 Qd6 22. Qc5 Qxc5 23. Nxc5 f6 24. Be3 b6 25. Nd3 Bd6 26. Bf4 Ba6 27.
Bxd6 Bxd3 28. Rc3 Rxd6 29. Rxd3 e6 30. Red1 Rad8 31. Kf1 f5 32. f3 fxe4 33.
fxe4 Kg7 34. Ke2 exd5 35. Rxd5 Rxd5 36. Rxd5 Rc8 37. Rd7+ Kf6 38. Kd3 Ke5 39.
Rxh7 Kf4 40. Rf7+ Kg3 41. Rg7 Rd8+ 42. Ke3 Rd6 43. e5 Rc6 44. Ke4 Kxg2 45. Kd5
Rc5+ 46. Kd6 Rc2 47. Rxg6+ Kf3 48. e6 Rxb2 49. e7 Rd2+ 50. Kc7 Re2 51. Kd7 1-0